| 000 | 02542cam a22004098a 4500 | ||
|---|---|---|---|
| 001 | 7127286 | ||
| 003 | ARRUPE | ||
| 005 | 20141112133323.0 | ||
| 008 | 080607s2009 nyu b 001 0 eng | ||
| 015 |
_aGBA8B1891 _2bnb |
||
| 016 | 7 |
_a014760330 _2Uk |
|
| 020 | _a9780567027436 (pbk.) | ||
| 020 | _a0567027430 (pbk.) | ||
| 035 | _a(OCoLC)ocn258083730 | ||
| 035 | _a(OCoLC)258083730 | ||
| 035 | _a(NNC)7127286 | ||
| 040 |
_aUKM _cUKM _dCDX _dVXM _dOrLoB-B |
||
| 050 | 4 |
_aBT78 _b.M85 2009 |
|
| 082 | 0 | 4 |
_a230 _222 |
| 100 | 1 |
_aMorse, Christopher _q(Christopher L.) _912599 |
|
| 245 | 1 | 0 |
_aNot every spirit : _ba dogmatics of Christian disbelief / _cChristopher Morse. |
| 250 | _a2nd ed. | ||
| 260 |
_aNew York ; _aLondon : _bContinuum, _c2009. |
||
| 263 | _a200901 | ||
| 300 |
_axxii, 421 p. ; _c23 cm. |
||
| 500 | _aPrevious ed.: Valley Forge, Pa.: Trinity Press International, 1994. | ||
| 500 | _aIncludes bibliographical references and indexes. | ||
| 505 | 0 | 0 |
_gPt. I. _tChristian Faith as Disbelief -- _gCh. 1. _tThe Call to Faithful Disbelief -- _gCh. 2. _tTheology as the Task of Faithful Disbelief -- _gCh. 3. _tTesting the Spirits Today -- _gCh. 4. _tTests of Doctrinal Faithfulness -- _gPt. 2. _tDisbeliefs of the Christian Faith -- _gCh. 5. _tExploring Doctrines: Preamble to Part 2 -- _gCh. 6. _tThe Word of God -- _gCh. 7. _tThe Being of God -- _gCh. 8. _tJesus Christ -- _gCh. 9. _tThe Holy Spirit -- _gCh. 10. _tCreation -- _gCh. 11. _tSalvation -- _gCh. 12. _tHumanity -- _gCh. 13. _tThe Church -- _gCh. 14. _tThe Life to Come -- _gApp. A. _tGuidelines for Utrum Papers -- _gApp. B. _tCreeds. |
| 520 | 1 | _a"Since its initial release over a decade ago, Not Every Spirit has continued to serve as an important and unique contribution to the understanding of Christian dogmatics - not in terms of what the Christian faith does believe, but, in fact, what it does not believe. Updated for today's audience, Morse again reminds us that to believe in God is not to believe everything, but rather it is to test what truly is of God and what is not. To trust everything without awareness of what is untrustworthy is not genuine faith in God. The presence of faithful disbelief in the Church gives the Church's teaching and practice its timelessness in every cultural situation."--BOOK JACKET. | |
| 650 | 0 |
_aTheology, Doctrinal. _912600 |
|
| 650 | 0 |
_aTheology _xMethodology. _912601 |
|
| 650 | 0 |
_aDiscernment of spirits. _97788 |
|
| 900 | _bTOC | ||
| 942 |
_2lcc _cMONOGRAPH |
||
| 948 | 1 |
_a20090413 _bc _csl13 _dMPS |
|
| 948 | 2 |
_a20121101 _ba _cink2 _dMPS |
|
| 999 |
_c121235 _d121235 |
||